| 000 | 00568 a2200169 4500 | ||
|---|---|---|---|
| 999 |
_c323 _d323 |
||
| 020 | _a1563383713 | ||
| 050 | _aBJ1275 STA 2010 | ||
| 100 |
_aStackhouse, Max L / _eAuthor |
||
| 245 |
_aGod and globalization _btheological ethics and the spheres of life |
||
| 264 |
_aHarrisburg _bTrinity press international _c2010 |
||
| 300 | _axii, 347p. | ||
| 440 | _aGlobalization and grace | ||
| 500 | _aIncludes bibliographical references and index | ||
| 650 | _aGlobalization -- Religious aspects -- Christianity | ||
| 650 | _aChristian ethics | ||
| 942 |
_2lcc _cBK _h1275 _iSTA _kBF |
||